00543nam a22001697a 450000500170000001000150001702000270003203500140005903700130007308200130008610000240009924500860012326000370020927000690024630000200031550000380033520180702164149.0 aENG-123192 a9789382630838c1095.00 aEN-106724 bDBAD/PUB a883.9209 aSingh, Krishna Kant aEthos of cross-culturalism and the novels of Amitav Ghosh/cby Krishna Kant Singh aJaipurbAadi Publications c2016 aF-11, S.S. Tower, Dhamani Street, Chaura Rasta, bJaipure302003 a180p.c22cm(Hb) ait include bibliography and index